Statistics for Guess the Song: Chase Atlantic pt.1

Click here to take the quiz!

General Stats

  • This quiz has been taken 1,757 times
  • The average score is 8 of 15

Answer Stats

LyricAnswer% Correct
pedal to the floor like you running from the cops nowSwim
88%
and I know there's a blade where your heart isConsume
70%
no I wanna to see you undress nowMeddle About
70%
pull up and i'm higher than the big trees, yeahInto it
68%
i'm floating but i'm heavySlow Down
66%
just give me some time and space to realizeFriends
53%
don't take my verses out of contextChurch
52%
switchblade make you blood pour outOHMAMI
51%
I got dirty in my own veins, CobainOkay
51%
and I just want it all when the time's rightMoonlight
45%
the blue glow and the night wearRight Here
42%
with no perception of time, it's almost quarter-to-five, yeahHER
32%
we're pulling up to where you used to work atFalling
31%
you don't want severe damage in your mental houseDEVILISH
30%
yeah, hop right on the ledge, jump right off the edgeSlide
28%

Score Distribution

Percentile by Number Answered

Percent of People with Each Score

Your Score History

You have not taken this quiz